PIC microcontrollers : an introduction to microelectronics (Record no. 12567)

000 -LEADER
fixed length control field 00575nam a22001577a 4500
020 ## - INTERNATIONAL STANDARD BOOK NUMBER
International Standard Book Number 9789381269213
082 ## - DEWEY DECIMAL CLASSIFICATION NUMBER
Classification number 629.895 BAT
100 ## - MAIN ENTRY--PERSONAL NAME
Personal name Bates, Martin
245 ## - TITLE STATEMENT
Title PIC microcontrollers : an introduction to microelectronics
250 ## - EDITION STATEMENT
Edition statement 3rd ed.
260 ## - PUBLICATION, DISTRIBUTION, ETC.
Place of publication, distribution, etc. New Delhi, India
Name of publisher, distributor, etc. Elsevier, Newnes
Date of publication, distribution, etc. 2011
300 ## - PHYSICAL DESCRIPTION
Extent xii, 441 p.
Other physical details ill. ;
500 ## - GENERAL NOTE
General note Revision of: Introduction to microelectronic systems : the PIC 16F84 microcontroller. London : Arnold, 2000. Includes index.
650 ## - SUBJECT ADDED ENTRY--TOPICAL TERM
Topical term or geographic name entry element 1. Microcontrollers --Programming. 2. Programmable controllers.
942 ## - ADDED ENTRY ELEMENTS (KOHA)
Koha item type Book
Holdings
Withdrawn status Lost status Damaged status Not for loan Collection code Permanent Location Current Location Shelving location Date acquired Source of acquisition Cost, normal purchase price Total Checkouts Full call number Barcode Date last seen Date last checked out Price effective from Koha item type
          Central Library (CL) Central Library (CL) General Stacks 12/27/2013 Allied Book Company 741.20 6 629.895 BAT SEECS013098 11/15/2016 09/22/2016 01/08/2014 Book
© 2023 Central Library, National University of Sciences and Technology. All Rights Reserved.